000 00694nam a2200217Ii 4500
003 JO-AjNU
008 230605s9999||||xx |||||||||||||| ||und||
017 _a2009/22199
020 _a978-977-421-184-5
040 _aJO-AjNU
_bara
_erda
_cJO-AjNU
041 _aara
050 1 4 _aPJ7860 2009
100 3 _aتأليف عبدالهادي، علاء,
_eauthor
_947761
245 0 0 _aمهمل تستدلون عليه بظل
264 3 1 _aالقاهرة الهيئة المصرية العامة للكتاب،2009
300 _a210ص
336 _atext
_btxt
_2rdacontent
337 _aunmediated
_bn
_2rdamedia
338 _avolume
_bnc
_2rdacarrier
650 4 _aالشعر العربي
_947762
999 _aA20872
_c24440
_d24440